000 00503nam a2200181Ia 4500
005 20250326141240.0
008 250326s9999 xx 000 0 und d
037 _aTextbook
040 _aFMSL
_beng
_cFMSL
041 _aeng
_2eng
084 _qFMSL
100 _aIndia ( Govt Of..............)
245 0 _aExport and Import Policy 1992-97
_cIndia ( Govt Of..............)
260 _aGovernment
_bGovernment, of India
_c1994
300 _a107p
942 _cTB
999 _c1289429
_d1289429